000
00329 a2200157 4500
001
50292
020
_a
8599007092
040
_c
Anchieta - Bela Vista
100
_a
Gouveia, Luis Augusto
240
1
0
_a
Dureza
_l
por
245
1
0
_a
Dureza
300
_a
32
362
0
_a
2006
650
4
_a
Literatura infanto-juvenil
942
_c
BK
999
_c
50292
_d
50292